Una semilla de luz / (Registro nro. 15594)

Detalles MARC
000 -CABECERA
campo de control de longitud fija 01250nam a22003497a 4500
001 - NÚMERO DE CONTROL
campo de control 33637
003 - IDENTIFICADOR DEL NÚMERO DE CONTROL
campo de control DO-SdBPM
005 - FECHA Y HORA DE LA ÚLTIMA TRANSACCIÓN
campo de control 20260114105139.0
007 - CAMPO FIJO DE DESCRIPCIÓN FÍSICA--INFORMACIÓN GENERAL
campo de control de longitud fija ta
008 - DATOS DE LONGITUD FIJA--INFORMACIÓN GENERAL
campo de control de longitud fija 920227s2001 sp | |||| ||spa
020 ## - NÚMERO INTERNACIONAL ESTÁNDAR DEL LIBRO
Número Internacional Estándar del Libro 842045818X
040 ## - FUENTE DE LA CATALOGACIÓN
Centro catalogador/agencia de origen DO-SdBPM
Lengua de catalogación spa
Centro/agencia transcriptor BPMSU
Normas de descripción rda
Centro/agencia modificador
082 #4 - NÚMERO DE LA CLASIFICACIÓN DECIMAL DEWEY
Número de clasificación 323.352
Número de documento/Ítem A191u 2001
Número de edición 22
100 1# - ENTRADA PRINCIPAL--NOMBRE DE PERSONA
Nombre de persona Ada, Alma Flor,
Fechas asociadas al nombre 1938-
Término indicativo de función/relación autora
Código de función/relación aut.
245 10 - MENCIÓN DE TÍTULO
Título Una semilla de luz /
Mención de responsabilidad, etc. Alma Flor Ada, F. Isabel Campoy ; ilustraciones Felipe Dávalos ; prólogo Ernesto Sábato.
Resto del título
264 ## - PRODUCCIÓN, PUBLICACIÓN, DISTRIBUCIÓN, FABRICACIÓN Y COPYRIGHT
Producción, publicación, distribución, fabricación y copyright Madrid :
Nombre del de productor, editor, distribuidor, fabricante Unicef,
Fecha de producción, publicación, distribución, fabricación o copyright 2001
300 ## - DESCRIPCIÓN FÍSICA
Extensión 31 páginas :
Otras características físicas ilustraciones ;
Dimensiones 26 cm
336 ## - TIPO DE CONTENIDO
Término de tipo de contenido texto
Código de tipo de contenido txt
Fuente rdacontent
337 ## - TIPO DE MEDIO
Nombre/término del tipo de medio sin mediación
Código del tipo de medio n
Fuente rdamedia
338 ## - TIPO DE SOPORTE
Nombre/término del tipo de soporte volumen
Código del tipo de soporte nc
Fuente rdacarrier
490 0# - MENCIÓN DE SERIE
Mención de serie Derechos del niño ;
-- Derecho a la igualdad,
Designación de volumen o secuencia 1
590 ## - NOTA LOCAL (RLIN)
Nota local Inventariado. 2026/VM
650 #7 - PUNTO DE ACCESO ADICIONAL DE MATERIA--TÉRMINO DE MATERIA
Término de materia o nombre geográfico como elemento de entrada Derechos del niño
Subdivisión general Derechos
Subdivisión de forma Cuentos infantiles.
650 #7 - PUNTO DE ACCESO ADICIONAL DE MATERIA--TÉRMINO DE MATERIA
Término de materia o nombre geográfico como elemento de entrada Derechos del niño.
Subdivisión de forma
650 #7 - PUNTO DE ACCESO ADICIONAL DE MATERIA--TÉRMINO DE MATERIA
Término de materia o nombre geográfico como elemento de entrada Cuentos infantiles estadounidenses.
590 ## - NOTA LOCAL (RLIN)
Enlace (RLIN) Inventariado, 2026/VM
700 1# - PUNTO DE ACCESO ADICIONAL--NOMBRE DE PERSONA
Nombre de persona Dávalos, Felipe,
Fechas asociadas al nombre 1942-
Término indicativo de función/relación ilustraciones
700 1# - PUNTO DE ACCESO ADICIONAL--NOMBRE DE PERSONA
Nombre de persona Sabato, Ernesto
Fechas asociadas al nombre 1911-2011.
Término indicativo de función/relación prólogo
700 1# - PUNTO DE ACCESO ADICIONAL--NOMBRE DE PERSONA
Nombre de persona Campoy, F.Isabel.
Término indicativo de función/relación autora
910 ## - DATOS DE OPCIÓN DEL USUARIO (OCLC)
Datos de opción del usuario VMateo V. Control de calidad (BPMSU)
942 ## - ELEMENTOS DE PUNTO DE ACCESO ADICIONAL (KOHA)
Fuente del sistema de clasificación o colocación Dewey Decimal Classification
Tipo de ítem Koha Libros
Existencias
Estado de retiro Estado de pérdida Fuente del sistema de clasificación o colocación No para préstamo Código de colección Localización permanente Ubicación/localización actual Fecha de adquisición Total de préstamos Signatura topográfica completa Código de barras Fecha visto por última vez Precio válido a partir de Tipo de ítem Koha Número de copia
    Dewey Decimal Classification   Colección Infantil General Biblioteca Pública Metropolitana Salomé Ureña Biblioteca Pública Metropolitana Salomé Ureña 01/13/2026   BPMSU CGI 323.352 A191u 2001 BPMSU26010001 01/13/2026 01/13/2026 Libros  
    Dewey Decimal Classification   Colección Infantil General Biblioteca Pública Metropolitana Salomé Ureña Biblioteca Pública Metropolitana Salomé Ureña 01/13/2026   BPMSU CGI 323.352 A191u 2001 BPMSU26010002 01/13/2026 01/13/2026 Libros e.2
    Dewey Decimal Classification   Colección Infantil General Biblioteca Pública Metropolitana Salomé Ureña Biblioteca Pública Metropolitana Salomé Ureña 01/13/2026   BPMSU CGI 323.352 A191u 2001 BPMSU26010003 01/13/2026 01/13/2026 Libros e.3